Tous les lauréats du prix puskas - Statistiques

Statistiques générales
  • Ce quiz a été pris 23 fois
  • Le résultat moyen est 3 sur 16
Statistiques - réponses
Hint Réponse % Correct
2009 Cristiano Ronaldo
90%
2017 Olivier Giroud
57%
2018 Mohamed Salah
52%
2011 Neymar
43%
2013 Zlatan Ibrahimović
38%
2020 Son Heung-min
24%
2014 James Rodríguez
19%
2024 Alejandro Garnacho
5%
2021 Erik Lamela
5%
2019 Dániel Zsóri
0%
2023 Guilherme Madruga
0%
2010 Hamit Altıntop
0%
2022 Marcin Oleksy
0%
2012 Miroslav Stoch
0%
2016 Mohd Faiz Subri
0%
2015 Wendell Lira
0%
Aucun quiz correspondant
Distribution des résultats
% des personnes avec chaque résultat
Percentile par nombre de réponses
Votre historique - résultats
Vous n’avez pas pris ce quiz